000 00722nam a22001575i 4500
001 153405
003 ES-MaACL
005 20230906205217.0
008 990324s1888 sp |||| | spa d
040 _aCCPB | B
_bspa
_cCCPB | B
245 0 0 _aDefensa y documentos referentes al recurso de alzada sobre la demasía de la mina Mamé contra la mina Precavida.
260 _aBilbao :
_b[s.n.],
_c1888 (
_fTipografía de C. Lucena y Copañía)
300 _a42 p. ;
_c22 cm.
650 4 _aMinas.
_9136498
852 _aES-MaACL
_jT-902-F-1
_z-- Enc. hol. conservando la cub. original
_z-- Legado de Federico de Botella y de Hornos
_z-- Enc. en un vol. facticio
_x-- Edic.: 42 p., [6] h. pleg. -- Firma el texto Donato Madariaga
999 _c153405
_d153405